Footballers scored 20+ goals in a EPL season - Statistics

General Stats
  • This quiz has been taken 104 times
  • The average score is 2 of 11
Answers on the Grid
Answers color-coded by a green-red scale on the quiz's grid according to % correct below.
Fernando Torres
Roberto Firmino
Alexis Sánchez
Emmanuel Adebayor
Odion Ighalo
Demba Ba
Philippe Coutinho
Mario Balotelli
Anthony Martial
Raheem Sterling
Dele Alli
Kevin Phillips
Jermain Defoe
Louis Saha
Benni McCarthy
Dominic Calvert-Lewin
Dennis Bergkamp
Theo Walcott
Allan Saint-Maximin
Wilfried Zaha
Christian Benteke
Frank Lampard
Ryan Giggs
Ian Wright
Zlatan Ibrahimović
Romelu Lukaku
Tammy Abraham
Ivan Toney
Alexandre Lacazette
Eric Cantona
Eden Hazard
Phil Foden
Bukayo Saka
Pierre-Emerick Aubameyang
Aleksandar Mitrović
Arjen Robben
Ruud Gullit
João Pedro
Robin van Persie
Marcus Rashford
 
Answer Stats
Answer % Correct
Frank Lampard
36%
Pierre-Emerick Aubameyang
31%
Robin van Persie
31%
Ian Wright
26%
Raheem Sterling
26%
Kevin Phillips
24%
Romelu Lukaku
21%
Ivan Toney
19%
Jermain Defoe
12%
Emmanuel Adebayor
5%
Louis Saha
5%
No matching quizzes found
Score Distribution
Percent of People with Each Score
Percentile by Number Answered
Your Score History
You have not taken this quiz